| 000 | 00686nam a22002297a 4500 | ||
|---|---|---|---|
| 999 |
_c955 _d955 |
||
| 001 | 2807 | ||
| 003 | BD-DhUAP | ||
| 005 | 20200129121034.0 | ||
| 008 | 200129s1991 mau||||| |||| 001 0 eng d | ||
| 020 | _a0299117006 | ||
| 040 |
_aBD-DhUAP _bEng _cBD-DhUAP _dBD-DhUAP |
||
| 082 |
_223 _a338.9 PRI |
||
| 245 |
_aPrivatization and its alternatives / _cedited by William T. Gormley. |
||
| 260 |
_aMadison, Wis. : _bUniversity of Wisconsin Press, _cc1991. |
||
| 300 |
_aix, 331 pages ; _c23 cm. |
||
| 500 | _aIncludes index. | ||
| 650 |
_a Privatization _vCase studies. |
||
| 650 | _aEducation and state. | ||
| 650 | _aHousing policy. | ||
| 700 | _aGormley, William T. | ||
| 942 |
_2ddc _cBK |
||